Mathematical methods in science

Gespeichert in:
Bibliographische Detailangaben
1. Verfasser: Pólya, G.
Format: Buch
Sprache:Englisch
Veröffentlicht: Washington Mathematical association 1977
Tags: Tag hinzufügen
Keine Tags, Fügen Sie das erste Tag hinzu!

MARC

LEADER 00000nam a2200000 4500
001 c140342
005 20150325105545.5
041 0 |a eng 
044 |a US 
245 1 0 |a Mathematical methods in science  |c G. Pólya 
264 1 |a Washington  |b Mathematical association  |c 1977 
300 |a 234 s. 
100 1 |a Pólya, G.